Statystyki dla Największe wyspy Grecji

Kliknij tutaj aby rozwiązać quiz!

Ogólne statystyki

  • Ten quiz został rozwiązany 14 razy
  • Średni wynik to 3 z 16

Odpowiedzi na mapie

Odpowiedzi skodowane kolorowo w zielono-czerwonej skali na mapie do tego quizu, zgodnie z poniższymi procentami.
 

Statystyki odpowiedzi

km²wyspa% Poprawnych
1401Rodos
100%
593Korfu
36%
290Kos
36%
3670Eubea
18%
781Kefalonia
18%
478Samos
18%
406Zakintos
18%
380Andros
9%
842Chíos
9%
300Karpathos
9%
8336Kriti
9%
478Limnos
9%
430Naksos
9%
380Thasos
9%
1633Lesvos
0%
303Leukada
0%

Rozkład punktacji

Percentyl według liczby udzielonych odpowiedzi

Procent ludzi z każdym wynikiem

Twoja historia wyników

Nie rozwiązałeś tego quizu